|
|
|
|
| LEADER |
00000nab a2200000 a 4500 |
| 001 |
vtls000911512 |
| 003 |
SK-MaSNL |
| 005 |
20260302174232.0 |
| 008 |
040720e20020819xo 0 slo |
| 035 |
|
|
|a KE20430
|
| 040 |
|
|
|a KEVKJB
|b slo
|c KEVKJB
|e AACR2
|
| 041 |
0 |
|
|a slo
|
| 044 |
|
|
|a xo
|c SK
|
| 080 |
|
|
|a 902
|2 1981
|
| 100 |
1 |
|
|a Jesenský, Mikuláš
|4 aut
|9 266855
|
| 245 |
1 |
0 |
|a Archeológovia našli v Nižnej Myšli hrkálku starú 3500 rokov
|
| 650 |
0 |
7 |
|a archeológia
|2 KEVKJB
|9 4974
|
| 650 |
0 |
7 |
|a doba bronzová
|2 KEVKJB
|9 79087
|
| 650 |
0 |
7 |
|a nálezy
|2 KEVKJB
|9 877341
|
| 651 |
|
7 |
|a Nižná Myšľa (Slovensko)
|2 KEVKJB
|9 29643
|
| 651 |
|
7 |
|a Košice-okolie (Slovensko : okres)
|2 KEVKJB
|9 146743
|
| 651 |
|
7 |
|a KS,
|2 KEVKJB
|9 880381
|
| 655 |
|
7 |
|a periodikum
|2 snkbucl
|9 29553
|
| 773 |
0 |
8 |
|t Košický denník Korzár
|g Roč. 5, č.192, 19.8.2002, s. 3
|x 1335-4566
|
| 852 |
|
|
|a ZVYKNI
|b KIS3GCP
|
| 999 |
|
|
|c 1403421
|d 1405351
|